music trivia: 1985 songs and artists - Statistics

General Stats
  • This quiz has been taken 207 times
  • The average score is 9 of 15
Answer Stats
this song was by... ...this band or artist % Correct
Take On Me A-ha
96%
Everybody Wants to Rule the World Tears for Fears
89%
Raspberry Beret Prince
84%
How Will I Know Whitney Houston
81%
Don't You (Forget About Me) Simple Minds
78%
Glory Days Bruce Springsteen and the E Street Band
73%
Walking On Sunshine Katrina and the Waves
73%
If You Love Somebody Set Them Free Sting
54%
And She Was Talking Heads
50%
Hallelujah Leonard Cohen
48%
Nightshift Commodores
47%
Freeway of Love Aretha Franklin
46%
No More Lonely Nights Paul McCartney & Wings
40%
Life in a Northern Town The Dream Academy
38%
Overjoyed Stevie Wonder
20%
No matching quizzes found
Score Distribution
Percent of People with Each Score
Percentile by Number Answered
Your Score History
You have not taken this quiz